Evaluation of bacterial bio agents against Corticium salmonicolor causing pink disease of rubber (Hevea brasiliensis) (Record no. 74252)

MARC details
000 -LEADER
fixed length control field 00556nam a2200157Ia 4500
100 ## - MAIN ENTRY--AUTHOR NAME
Personal name Siji Sathyan
245 #0 - TITLE STATEMENT
Title Evaluation of bacterial bio agents against Corticium salmonicolor causing pink disease of rubber (Hevea brasiliensis)
260 ## - PUBLICATION, DISTRIBUTION, ETC. (IMPRINT)
Name of publisher Mahatma Gandhi University
Place of publication Kottayam
Year of publication 2015
300 ## - PHYSICAL DESCRIPTION
Number of Pages 63
500 ## - GENERAL NOTE
General note Copy not available. Details from Biotechnolo Dvn
500 ## - GENERAL NOTE
General note Course: MSc Microb
700 ## - ADDED ENTRY--PERSONAL NAME
Personal name Dr Annakkutty Joseph
850 ## - HOLDING INSTITUTION
Holding institution Rubber Research Institute of India
942 ## - ADDED ENTRY ELEMENTS (KOHA)
Koha item type Theses
Holdings
Withdrawn status Lost status Damaged status Not for loan Collection code Home library Current library Shelving location Date acquired Koha item type
      Theses Dissertation RRII Library RRII Library Microbiology 31/12/2021 Theses